2013 Movies Slideshow Quiz Stats

Quiz Updated Oct 12, 2017

Challenge
Share
Tweet
Score 0/25 Timer 08:00
3 Plays Today
% Correct
The Wolverine
92.5%
Iron Man 3
91.5%
Monsters University
90.5%
Frozen
90%
Despicable Me 2
89%
Gravity
88.2%
Anchorman 2: The Legend Continues
85.7%
The Wolf of Wall Street
83.1%
The Hunger Games: Catching Fire
83%
Star Trek: Into Darkness
81.3%
Thor: The Dark World
79.3%
The Hobbit: The Desolation of Smaug
79.2%
The Lone Ranger
79.2%
% Correct
Man of Steel
79.2%
Captain Phillips
73.9%
The Croods
70.4%
12 Years a Slave
69.2%
We're the Millers
69.1%
American Hustle
68.7%
Dallas Buyers Club
65%
Identity Thief
60.8%
The Heat
56.6%
42
53.8%
Fast and Furious 6
50.6%
The World's End
38.9%

You're not logged in!

Compare scores with friends on all Sporcle quizzes.
Join for Free
OR
Log In

You Might Also Like...

Show Comments

Extras

Top Quizzes Today


Score Distribution

Your Account Isn't Verified!

In order to create a playlist on Sporcle, you need to verify the email address you used during registration. Go to your Sporcle Settings to finish the process.

Report this User

Report this user for behavior that violates our Community Guidelines.

Details: